00614nam a22002057a 450000500170000001000110001702000100002803500110003803700160004904000120006508200160007724500850009324600060017826000940018427000390027830000240031765000250034165000250036670000170039120170124110244.0 a708462 c10.00 a708462 bCen Lib/Ret aDPLbEN a016.61bCHE aA check-list of sanskrit medical manuscripts in India /ccompiled by B. Rama Rao b  aNew Delhi bCentral Council for Research in India Medical medicine and Homoeopathy c1972 bNew Delhi aE-25, Defences colony  avi,101p. c27cm(Hb) aHistory of Medicine  aMedical manuscripts  aRao, B. Rama